000 00651nam a2200217Ia 4500
003 OSt
005 20220923230712.0
006 a|||||r|||| 00| 0
007 ta
008 Pun
024 _a304,891
037 _cTextual
040 _aARTS
_cARTS
_bPun
041 _2Pun
_aPun
082 _aU16v, 153L7
100 _aਗੁਪਤ, ਧਨਵੰਤ ਕਿFੋਰ; ਗੁਰਚਰਨ ਸਿੰਘ, ੳਗ.
_9169137
245 0 _aਧਰਤੀ ਦੀ ਕਹਾਣੀ
260 _c1977
942 _hU16v, 153L7
_cTEXL
_2CC
999 _c386698
_d386698